| 000 | 01333cam a22002415a 4500 | ||
|---|---|---|---|
| 001 | L158015 | ||
| 008 | 121121s2013 xxko f 000 0 eng d | ||
| 020 | _a9781848063440 | ||
| 035 | _a(Sirsi) u158015 | ||
| 041 | 0 | _aeng | |
| 100 | 1 | _aMattie-Suleiman, Eman | |
| 245 | 0 | 4 | _aNew requirements for fire detection and alarm network systems |
| 260 |
_aWatford _bBRE _c2013 |
||
| 300 |
_a12p. _bill. _c30cm. |
||
| 490 | 0 |
_aBRE Information Paper _v(12/13) |
|
| 505 | 2 | _aBackground -- Reasons for networking fire detection and alarm systems -- Current requirements for fire detection network systems -- New fire detection and alarm system network requirements -- Definitions of network and terminologies used -- References | |
| 520 | _aEnables specifiers and fire detection and alarm systems designers to choose the most appropriate hard-wired network systems for installation in buildings, while maintaining compliance with the European Construction Products Regulation (the CPR) and the British Code of Practice, BS 5839-1. In addition, it will highlight the new requirements for network systems which have been developed and incorporated within an LPS standard. | ||
| 521 | _aAdvanced | ||
| 590 | _aKA | ||
| 651 | 4 |
_aUnited Kingdom _y |
|
| 690 | _aMANAGEMENT-HEALTH AND SAFETY-FIRE SAFETY-FIRE SAFETY ENGINEERING | ||
| 942 | _n0 | ||
| 999 |
_c115077 _d115077 |
||